[Event "40th Olympiad Women"]
[Site "Istanbul TUR"]
[Date "2012.09.09"]
[Round "11.21"]
[Board "4"]
[White "Pham, Bich Ngoc"]
[Black "Ozturk, Hilal"]
[Result "1-0"]
[WhiteTitle "WIM"]
[WhiteElo "2172"]
[BlackElo "1806"]
[WhiteTeam "Vietnam"]
[BlackTeam "Turkey 2016"]
[WhiteFideId "12401285"]
[BlackFideId "6315330"]
[EventDate "2012.08.28"]

1. c4 e5 2. Nc3 Nc6 3. g3 g6 4. Bg2 Bg7 5. e4 d6 6. Nge2 f5 7. d3 Nf6 8. O-O O-O
9. Nd5 h6 10. h3 Kh7 11. Kh2 Be6 12. Be3 Qd7 13. Qd2 Rf7 14. Rae1 Rg8 15. b3 g5
16. exf5 Bxf5 17. Nxf6+ Rxf6 18. d4 Rff8 19. dxe5 Nxe5 20. Nd4 Bd3 21. Rg1 Bg6
22. Bd5 Bf7 23. Be4+ Bg6 24. Bd5 Bf7 25. Qc2+ Kh8 26. Be4 Bf6 27. Nf5 Bg6 28. g4
Bxf5 29. gxf5 Qh7 30. f4 Nf7 31. Bxb7 gxf4 32. Bxf4 Ne5 33. Be4 Nf7 34. Bd5 Rxg1
35. Rxg1 Ng5 36. h4 Nf7 37. Rg6 Be5 38. Qe4 Re8 39. Bxf7 Qxf7 40. Rxh6+ 1-0

[Event "40th Olympiad Women"]
[Site "Istanbul TUR"]
[Date "2012.09.09"]
[Round "11.22"]
[Board "1"]
[White "Boric, Elena"]
[Black "Perena, Catherine"]
[Result "0-1"]
[WhiteTitle "WIM"]
[BlackTitle "WIM"]
[WhiteElo "2319"]
[BlackElo "2091"]
[WhiteTeam "Bosnia & Herzegovina"]
[BlackTeam "Philippines"]
[WhiteFideId "14400839"]
[BlackFideId "5202744"]
[EventDate "2012.08.28"]

1. e4 e5 2. Nf3 Nf6 3. Nxe5 d6 4. Nf3 Nxe4 5. d4 d5 6. Bd3 Be7 7. O-O O-O 8. c4
Be6 9. cxd5 Bxd5 10. Re1 Nf6 11. Nc3 Nc6 12. Bf4 Bb4 13. Be5 Nxe5 14. dxe5 Bxc3
15. bxc3 Nh5 16. g3 g6 17. Qe2 Qe7 18. Nd4 Rae8 19. f4 Qc5 20. Rac1 f6 21. Qg4
fxe5 22. Rxe5 Rxe5 23. fxe5 Qa3 24. Rc2 Ng7 25. e6 Qe7 26. h4 c5 27. Nb5 Bxe6
28. Qe4 a6 29. Na3 b5 30. c4 b4 31. Nb1 Qd6 32. Qe3 Nf5 33. Bxf5 Qd1+ 34. Kh2
Bxf5 35. Rc1 Qg4 36. Nd2 Rd8 37. Nf1 Bc8 38. Qxc5 Qh3+ 39. Kg1 Bb7 40. Kf2 Qg2+
41. Ke1 Re8+ 42. Ne3 Bf3 0-1

[Event "40th Olympiad Women"]
[Site "Istanbul TUR"]
[Date "2012.09.09"]
[Round "11.22"]
[Board "2"]
[White "Frayna, Janelle Mae"]
[Black "Dimitrijevic, Aleksandra"]
[Result "0-1"]
[BlackTitle "WFM"]
[WhiteElo "1991"]
[BlackElo "2280"]
[WhiteTeam "Philippines"]
[BlackTeam "Bosnia & Herzegovina"]
[WhiteFideId "5212499"]
[BlackFideId "929239"]
[EventDate "2012.08.28"]

1. c4 Nf6 2. g3 g6 3. Bg2 Bg7 4. Nc3 O-O 5. e4 e5 6. Nge2 c6 7. O-O Re8 8. d3
Na6 9. h3 Nc7 10. f4 d6 11. Be3 b5 12. Qd2 Bb7 13. cxb5 cxb5 14. Rac1 Qd7 15.
Kh2 b4 16. Nd1 a5 17. Nf2 h5 18. Rfd1 Nb5 19. Re1 Ra6 20. Red1 Raa8 21. Qc2 exf4
22. Bxf4 h4 23. g4 Nh7 24. d4 f5 25. gxf5 gxf5 26. exf5 Bxg2 27. Kxg2 Rf8 28.
Qc4+ Kh8 29. Qe6 Qb7+ 30. Qe4 Qxe4+ 31. Nxe4 Rae8 32. Kf3 Rxf5 33. Re1 d5 34.
Nc5 Rxe2 35. Kxe2 Rxf4 36. Ne6 Nxd4+ 37. Nxd4 Bxd4 38. Rc8+ Kg7 39. b3 Nf6 40.
Kd3 Kg6 41. Re6 Kf5 42. Ra6 Bc3 43. Rxa5 Rf3+ 44. Ke2 Rxh3 45. Ra6 Rh2+ 46. Kf1
h3 47. a4 Rh1+ 48. Ke2 Re1+ 49. Kd3 h2 0-1

[Event "40th Olympiad Women"]
[Site "Istanbul TUR"]
[Date "2012.09.09"]
[Round "11.22"]
[Board "3"]
[White "Dengler, Dijana"]
[Black "Docena, Jedara"]
[Result "1-0"]
[WhiteTitle "WFM"]
[WhiteElo "2066"]
[BlackElo "2061"]
[WhiteTeam "Bosnia & Herzegovina"]
[BlackTeam "Philippines"]
[WhiteFideId "14400081"]
[BlackFideId "5202361"]
[EventDate "2012.08.28"]

1. d4 d6 2. Nf3 Bg4 3. Nbd2 Nd7 4. g3 c6 5. Bg2 Ngf6 6. b3 e6 7. Bb2 Be7 8. c4
O-O 9. O-O Re8 10. Re1 Bf8 11. Qc2 a5 12. a3 Bh5 13. e4 e5 14. h3 Bxf3 15. Nxf3
Qc7 16. Rad1 Rab8 17. Re2 b5 18. c5 exd4 19. cxd6 Bxd6 20. Nxd4 c5 21. Nf5 Bf8
22. f4 g6 23. Ne3 Nh5 24. Nd5 Qa7 25. Kh2 Nb6 26. Qc3 Bg7 27. Qxc5 Bf8 28. Qf2
Qb7 29. g4 Nxd5 30. gxh5 Nb6 31. Qd4 f6 32. Qxf6 Bg7 33. Qg5 Bxb2 34. Rxb2 Qg7
35. Rbd2 gxh5 36. Qxh5 Rf8 37. Rg1 Kh8 38. Qf3 a4 39. bxa4 Nc4 40. Rc2 Ne5 41.
Qc3 Rxf4 42. axb5 Rg8 43. Rgc1 h6 44. b6 Kh7 45. Kh1 Qg5 46. b7 Nf3 47. Bxf3 Qg3
48. Bg2 Qg5 49. b8=Q 1-0

[Event "40th Olympiad Women"]
[Site "Istanbul TUR"]
[Date "2012.09.09"]
[Round "11.22"]
[Board "4"]
[White "Fronda, Jan Jodilyn"]
[Black "Dedijer, Sanja"]
[Result "1-0"]
[WhiteElo "2022"]
[BlackElo "2036"]
[WhiteTeam "Philippines"]
[BlackTeam "Bosnia & Herzegovina"]
[WhiteFideId "5204585"]
[BlackFideId "14401878"]
[EventDate "2012.08.28"]

1. e4 e5 2. Nf3 Nc6 3. Bb5 a6 4. Ba4 Nf6 5. Qe2 d6 6. c3 Be7 7. d3 Bg4 8. Nbd2
O-O 9. h3 Bh5 10. g4 Bg6 11. Nf1 b5 12. Bb3 Na5 13. Ng3 Nxb3 14. axb3 Re8 15. h4
h5 16. g5 Ng4 17. Ng1 d5 18. f3 dxe4 19. dxe4 Nf6 20. gxf6 Bxf6 21. Be3 Bxh4 22.
Qh2 Qd3 23. Kf2 Qc2+ 24. Ne2 Bxg3+ 25. Qxg3 Qxb3 26. Rag1 Qe6 27. Rxh5 Qf6 28.
Rh4 Bxe4 29. Rxe4 g6 30. Qg5 Qg7 31. Ng3 f6 32. Qh4 Kf7 33. Nf5 Qh8 34. Nh6+ Kg7
35. Rxg6+ Kxg6 36. Rg4+ 1-0

[Event "40th Olympiad Women"]
[Site "Istanbul TUR"]
[Date "2012.09.09"]
[Round "11.23"]
[Board "1"]
[White "Vojinovic, Jovana"]
[Black "Bjerke, Silje"]
[Result "1-0"]
[WhiteTitle "WGM"]
[BlackTitle "WIM"]
[WhiteElo "2337"]
[BlackElo "2235"]
[WhiteTeam "Montenegro"]
[BlackTeam "Norway"]
[WhiteFideId "937266"]
[BlackFideId "1502786"]
[EventDate "2012.08.28"]

1. d4 Nf6 2. c4 g6 3. g3 Bg7 4. Bg2 O-O 5. Nf3 d6 6. O-O Nc6 7. Nc3 a6 8. h3 Bd7
9. e4 e5 10. dxe5 Nxe5 11. Nxe5 dxe5 12. Qe2 Be6 13. Bg5 h6 14. Be3 c6 15. Rfd1
Qc7 16. b3 Rad8 17. Na4 Nd7 18. c5 Kh7 19. Bd2 f5 20. Qe1 Rde8 21. Ba5 Qb8 22.
Rd2 f4 23. Rad1 Rf7 24. Bf1 h5 25. Rd3 fxg3 26. fxg3 Ref8 27. Bg2 Qe8 28. Bc7
Bf6 29. Bd6 Be7 30. Qc3 Bxd6 31. cxd6 Rf2 32. R3d2 Qf7 33. Qe3 Rf6 34. Nc5 Bxh3
35. Bxh3 Rf3 36. Qg5 Nxc5 37. d7 Nxe4 38. d8=Q Nxg5 39. Qxg5 Qf6 40. Rd7+ Kg8
41. Qxf6 R8xf6 42. Rxb7 Rxg3+ 43. Kh2 Rgf3 44. Rd8+ Rf8 45. Be6+ Kh8 46. Rdd7
Rf2+ 47. Kg3 h4+ 48. Kxh4 R8f4+ 49. Bg4 e4 50. Kg5 Rf6 51. Be6 1-0

[Event "40th Olympiad Women"]
[Site "Istanbul TUR"]
[Date "2012.09.09"]
[Round "11.23"]
[Board "2"]
[White "Hagesaether, Ellen"]
[Black "Milovic, Aleksandra"]
[Result "1-0"]
[WhiteTitle "WIM"]
[BlackTitle "WFM"]
[WhiteElo "2230"]
[BlackElo "2181"]
[WhiteTeam "Norway"]
[BlackTeam "Montenegro"]
[WhiteFideId "1501909"]
[BlackFideId "933988"]
[EventDate "2012.08.28"]

1. c4 c5 2. g3 Nc6 3. Bg2 e5 4. Nc3 Nf6 5. d3 h6 6. Nf3 d6 7. a3 Be7 8. Rb1 a5
9. O-O Be6 10. b3 d5 11. Nb5 O-O 12. Bb2 d4 13. e3 dxe3 14. fxe3 Ng4 15. Qe2 e4
16. dxe4 a4 17. h3 Nf6 18. Nh4 Qb8 19. Nf5 Bxf5 20. exf5 Qxg3 21. Qe1 Qxe1 22.
Rfxe1 axb3 23. Bc3 Bd8 24. Rxb3 Ba5 25. Nd6 Bxc3 26. Rxc3 Ra4 27. Nxb7 Ne5 28.
Nxc5 Rxc4 29. Rec1 Rxc3 30. Rxc3 Rd8 31. Kf1 Rd1+ 32. Ke2 Ra1 33. Bb7 Ra2+ 34.
Kd1 Ne8 35. Bd5 Rh2 36. e4 Nd6 37. a4 Kf8 38. a5 Nb5 39. Re3 Rh1+ 40. Kc2 Nd4+
41. Kb2 Rh2+ 42. Kc3 Ndc6 43. Nd7+ Nxd7 44. Bxc6 Nb8 45. Bd5 Ke7 46. Kc4 g5 47.
Rb3 Rc2+ 48. Kd3 Rc8 49. Rb7+ Kd6 50. Rxf7 Ke5 51. Re7+ Kf4 52. f6 Na6 53. f7
Nb4+ 54. Kd2 1-0

[Event "40th Olympiad Women"]
[Site "Istanbul TUR"]
[Date "2012.09.09"]
[Round "11.23"]
[Board "4"]
[White "Hansen, Erle Andrea Marki"]
[Black "Stojanovic, Marija R"]
[Result "0-1"]
[BlackTitle "WFM"]
[WhiteElo "1861"]
[BlackElo "2097"]
[WhiteTeam "Norway"]
[BlackTeam "Montenegro"]
[WhiteFideId "1508229"]
[BlackFideId "931411"]
[EventDate "2012.08.28"]

1. Nf3 Nf6 2. g3 g6 3. Bg2 Bg7 4. d4 O-O 5. O-O d6 6. c4 c6 7. h3 Qb6 8. Qb3
Nfd7 9. Rd1 Na6 10. Nc3 e5 11. e3 Qxb3 12. axb3 Nb6 13. Ne4 d5 14. Nd6 e4 15.
Ne1 Rd8 16. Nxc8 Rdxc8 17. c5 Nd7 18. Nc2 Nc7 19. Bd2 Ne6 20. b4 a6 21. Ne1 Re8
22. Nc2 f5 23. Ne1 Nf6 24. Bc3 Re7 25. Kh2 Rf8 26. Nc2 g5 27. Rd2 Bh6 28. Rdd1
Rg7 29. Re1 Rg6 30. Rh1 Bg7 31. Kg1 f4 32. Kh2 Nh5 33. Be1 Rf7 34. Rd1 Bf8 35.
Ra1 Be7 36. Rd1 Bd8 37. Ra1 Bc7 38. Rd1 Nf6 39. Kg1 Ng7 40. Bf1 Nfh5 41. g4 Nf6
42. exf4 gxf4 43. f3 h5 44. Kf2 hxg4 45. fxg4 Ne6 46. Be2 Rh7 47. Kg1 f3 48. Bf1
Nxg4 49. Bg3 Bxg3 50. hxg4 Rxh1+ 51. Kxh1 Nf4 52. Ne3 Rh6+ 53. Kg1 f2# 0-1

[Event "40th Olympiad Women"]
[Site "Istanbul TUR"]
[Date "2012.09.09"]
[Round "11.24"]
[Board "1"]
[White "Seps, Monika"]
[Black "Sanchez Castillo, Sarai"]
[Result "0-1"]
[WhiteTitle "WIM"]
[BlackTitle "IM"]
[WhiteElo "2227"]
[BlackElo "2193"]
[WhiteTeam "Switzerland"]
[BlackTeam "Venezuela"]
[WhiteFideId "1308521"]
[BlackFideId "3900754"]
[EventDate "2012.08.28"]

1. Nf3 Nf6 2. g3 d5 3. Bg2 c6 4. c4 dxc4 5. O-O Bf5 6. Na3 Qd5 7. b3 cxb3 8.
axb3 e6 9. Nc4 Qd8 10. d3 Nbd7 11. Na5 Bb4 12. Bd2 Bxd2 13. Qxd2 Qb6 14. e4 Bg4
15. Nc4 Qc7 16. e5 Bxf3 17. exf6 Bxg2 18. fxg7 Rg8 19. Kxg2 Rxg7 20. Qe3 a6 21.
b4 Rd8 22. Qh6 Kf8 23. Rfe1 Kg8 24. Ra5 b5 25. Ne3 Ne5 26. Qf4 c5 27. Rea1 Rd4
28. Rxa6 Rg6 29. Nf5 exf5 30. Ra8+ Kg7 31. Qxf5 Rxb4 32. R1a7 Qc6+ 33. Kf1 Qh1+
34. Ke2 Rb2+ 35. Ke3 Ng4+ 0-1

[Event "40th Olympiad Women"]
[Site "Istanbul TUR"]
[Date "2012.09.09"]
[Round "11.24"]
[Board "2"]
[White "Gutierrez, Leonela"]
[Black "Heinatz, Gundula"]
[Result "1/2-1/2"]
[BlackTitle "WIM"]
[WhiteElo "2067"]
[BlackElo "2197"]
[WhiteTeam "Venezuela"]
[BlackTeam "Switzerland"]
[WhiteFideId "3900401"]
[BlackFideId "4612434"]
[EventDate "2012.08.28"]

1. e4 e6 2. d4 d5 3. Nc3 Nc6 4. e5 Nge7 5. f4 Nf5 6. Nf3 h5 7. g3 b6 8. Bg2 Ba6
9. a3 Na5 10. b3 c5 11. Ne2 Bxe2 12. Qxe2 cxd4 13. Bb2 Nc6 14. Bh3 g6 15. O-O
Bc5 16. Qd3 a5 17. Rf2 Qd7 18. Kh1 Rc8 19. Bxf5 gxf5 20. Rd2 Qe7 21. Qb5 Kf8 22.
Qe2 Qc7 23. Qd3 Kg7 24. Rg1 Qe7 25. Ra1 Rc7 26. Rg2 Qd7 27. Rd1 Qc8 28. Qe2 Qf8
29. Ra1 Qb8 30. Qb5 Na7 31. Qd3 Nc6 32. Qb5 Na7 33. Qd3 Nc6 34. Qb5 1/2-1/2

[Event "40th Olympiad Women"]
[Site "Istanbul TUR"]
[Date "2012.09.09"]
[Round "11.24"]
[Board "3"]
[White "De Seroux, Camille"]
[Black "Montilla, Jorcerys"]
[Result "0-1"]
[WhiteTitle "WFM"]
[WhiteElo "2101"]
[BlackElo "2050"]
[WhiteTeam "Switzerland"]
[BlackTeam "Venezuela"]
[WhiteFideId "1305620"]
[BlackFideId "3900517"]
[EventDate "2012.08.28"]

1. e4 c5 2. Nf3 Nc6 3. d4 cxd4 4. Nxd4 Qb6 5. Nb3 Nf6 6. Nc3 e6 7. Qe2 Bb4 8.
Bd2 O-O 9. a3 Be7 10. O-O-O d6 11. f4 a6 12. g4 Nd7 13. h4 Qc7 14. g5 Nc5 15.
Nxc5 dxc5 16. e5 Nd4 17. Qh5 b5 18. Ne4 Bb7 19. Nf6+ Bxf6 20. gxf6 g6 21. Rg1
Bf3 22. Qg5 Nf5 23. Rh1 h6 24. Qg1 Bxh1 25. Qxh1 Kh7 26. Qh3 h5 27. Bd3 Rad8 28.
Rg1 Qd7 29. Ba5 Qd4 30. Rg5 Qxf4+ 31. Bd2 Qxe5 32. Qf3 Qxf6 33. Bc3 Rd4 34. Qc6
Qe5 35. Qxa6 Qf4+ 36. Kb1 Qxh4 37. Bxd4 Nxd4 38. Rxc5 b4 39. axb4 Kg7 40. Qb7
Qe1+ 41. Ka2 h4 42. c3 Qd1 43. Bc4 Nc2 44. Bxe6 Ra8+ 45. Ra5 Rf8 46. Ra7 Qf1 47.
Qd7 Kg8 48. b5 h3 49. Bxh3 Qc4+ 50. Kb1 Qe4 51. Kc1 Ne3 52. Qd2 Qh1+ 0-1

[Event "40th Olympiad Women"]
[Site "Istanbul TUR"]
[Date "2012.09.09"]
[Round "11.24"]
[Board "4"]
[White "Varela La Madrid, Tilsia Carolin"]
[Black "Stoeri, Laura"]
[Result "1-0"]
[WhiteElo "2036"]
[BlackElo "2057"]
[WhiteTeam "Venezuela"]
[BlackTeam "Switzerland"]
[WhiteFideId "3903001"]
[BlackFideId "1304313"]
[EventDate "2012.08.28"]

1. e4 e5 2. Nf3 Nc6 3. Bb5 a6 4. Ba4 Nf6 5. O-O Be7 6. Re1 b5 7. Bb3 d6 8. h3
Na5 9. c3 Nxb3 10. axb3 O-O 11. d4 Bb7 12. d5 c6 13. c4 cxd5 14. cxd5 Nd7 15.
Nc3 f5 16. exf5 Rxf5 17. Qd3 Qf8 18. Be3 Rxf3 19. gxf3 Qxf3 20. Kh2 Nc5 21. Qd1
Qf7 22. Rg1 b4 23. Na4 Nd7 24. Qg4 Nf6 25. Qe6 Bxd5 26. Qxf7+ Bxf7 27. Nb6 Rd8
28. Rxa6 d5 29. Ra7 Bd6 30. Kh1 Bg6 31. Bg5 Bc5 32. Rb7 Bxf2 33. Rf1 Bd4 34.
Rxg7+ Kxg7 35. Bxf6+ Kh6 36. Bxd8 Bxb2 37. Rf6 Kg7 38. Rxg6+ Kxg6 39. Nxd5 Bc3
40. Nxc3 bxc3 41. Ba5 c2 42. Bd2 Kf5 43. Kg2 Ke4 44. Kf2 Kd3 45. Bc1 Kc3 46. Ke3
Kxb3 47. Kd3 Kb4 48. Ke4 Kc4 49. h4 Kc5 50. Kxe5 Kc6 51. Kf6 Kd7 52. Kg7 Ke7 53.
h5 Ke8 54. Kxh7 Kf7 55. h6 Kf8 56. Kg6 1-0

[Event "40th Olympiad Women"]
[Site "Istanbul TUR"]
[Date "2012.09.09"]
[Round "11.25"]
[Board "1"]
[White "Corke, Anya S"]
[Black "Petrenko, Svetlana"]
[Result "1/2-1/2"]
[WhiteTitle "WGM"]
[BlackTitle "IM"]
[WhiteElo "2254"]
[BlackElo "2199"]
[WhiteTeam "England"]
[BlackTeam "Moldova"]
[WhiteFideId "6000347"]
[BlackFideId "13900196"]
[EventDate "2012.08.28"]

1. d4 d5 2. c4 e6 3. Nc3 Nf6 4. Bg5 c6 5. e3 Be7 6. Nf3 Nbd7 7. Qc2 h6 8. Bh4
Qa5 9. Nd2 a6 10. Bd3 b5 11. cxd5 exd5 12. O-O O-O 13. a4 b4 14. Ne2 Bb7 15. Ng3
Rfc8 16. Nb3 Qd8 17. Nf5 Bf8 18. Nc5 Nxc5 19. dxc5 a5 20. e4 g5 21. Bg3 dxe4 22.
Bxe4 b3 23. Qb1 Ba6 24. Rd1 Qe8 25. Bd3 Rd8 26. Bxa6 Rxa6 27. Re1 Qd7 28. Bd6
Re8 29. Qd3 Raa8 30. Red1 Qe6 31. Bxf8 Kxf8 32. Nd4 Qe4 33. Qh3 h5 34. Nxb3 Rad8
35. Qc3 Rxd1+ 36. Rxd1 Qe2 37. Rf1 Ne4 38. Qd4 Qc2 39. Nxa5 Qxc5 40. Qxc5+ Nxc5
41. Nxc6 Nxa4 42. b3 Nc3 43. h4 gxh4 44. Kh2 Re6 45. Nd4 Re4 46. Rc1 Rxd4 47.
Rxc3 Rd2 48. Rf3 Rd4 49. Kh3 Kg7 50. Rc3 Rb4 51. Kh2 Kg6 52. Kg1 Rd4 53. Kf1 Rd2
54. Ke1 1/2-1/2

[Event "40th Olympiad Women"]
[Site "Istanbul TUR"]
[Date "2012.09.09"]
[Round "11.25"]
[Board "2"]
[White "Baciu, Diana"]
[Black "Yurenok, Maria S"]
[Result "1-0"]
[WhiteTitle "WFM"]
[BlackTitle "WFM"]
[WhiteElo "2186"]
[BlackElo "2058"]
[WhiteTeam "Moldova"]
[BlackTeam "England"]
[WhiteFideId "13903284"]
[BlackFideId "409359"]
[EventDate "2012.08.28"]

1. e4 c5 2. Nf3 e6 3. b3 d6 4. Bb2 e5 5. Bc4 Nc6 6. h3 g6 7. c3 Bg7 8. d4 Nge7
9. dxc5 dxc5 10. Qxd8+ Nxd8 11. b4 Ne6 12. Nbd2 cxb4 13. cxb4 f6 14. Nb3 Nc7 15.
b5 Be6 16. Be2 b6 17. Rc1 Rc8 18. O-O Kf7 19. Nbd2 Rhd8 20. a4 Ne8 21. Nc4 Kg8
22. Ba3 Bf8 23. Bb4 Rc7 24. Ne3 Nc8 25. Bxf8 Kxf8 26. Rc6 Rxc6 27. bxc6 Ne7 28.
Rc1 Nc7 29. a5 b5 30. Rc5 Rd6 31. Bxb5 Nxb5 32. Rxb5 Rxc6 33. Nd5 Bxd5 34. exd5
Rd6 35. Rb7 Rxd5 36. Rxa7 h5 37. a6 Rd1+ 38. Kh2 Ra1 39. Nd2 Nc6 40. Ra8+ Kf7
41. Ne4 Ra5 42. f3 h4 43. Rh8 f5 44. Nd6+ Kg7 45. Ra8 Nb4 46. a7 Nd5 47. Nb5 Nb6
48. Rb8 Na8 49. Rxa8 Rxb5 50. Rb8 1-0

[Event "40th Olympiad Women"]
[Site "Istanbul TUR"]
[Date "2012.09.09"]
[Round "11.25"]
[Board "4"]
[White "Partac, Elena"]
[Black "Bhatia, Kanwal K"]
[Result "1/2-1/2"]
[WhiteTitle "WGM"]
[BlackTitle "WFM"]
[WhiteElo "2102"]
[BlackElo "2103"]
[WhiteTeam "Moldova"]
[BlackTeam "England"]
[WhiteFideId "13901001"]
[BlackFideId "407496"]
[EventDate "2012.08.28"]

1. e4 e5 2. Nf3 Nc6 3. Bb5 a6 4. Ba4 Nf6 5. Qe2 b5 6. Bb3 Be7 7. c3 d6 8. a4 Rb8
9. d4 exd4 10. Nxd4 Nxd4 11. cxd4 O-O 12. O-O Re8 13. axb5 axb5 14. f3 Nd7 15.
Be3 Bf6 16. Rd1 Bb7 17. Nc3 c6 18. Qf2 b4 19. Ne2 Qe7 20. Ra7 Bg5 21. Ng3 Bxe3
22. Qxe3 Qf6 23. Qd2 Bc8 24. Ba4 d5 25. Rc1 dxe4 26. Nxe4 Qd8 27. Bxc6 Re6 28.
d5 Rg6 29. Bxd7 Bxd7 30. Rcc7 Bh3 31. g3 Ra8 32. d6 Rxa7 33. Rxa7 h5 34. Qxb4
Bf5 35. Qb7 Bxe4 36. fxe4 Qxd6 37. Qxf7+ Kh7 38. Re7 Qd4+ 39. Qf2 Qd6 40. Rf7
Qd1+ 41. Kg2 h4 42. Rf4 hxg3 43. Rh4+ Kg8 44. hxg3 Rc6 45. Qf5 Rc2+ 46. Kh3 Qh1+
47. Kg4 Qd1+ 48. Kg5 Qc1+ 49. Rf4 Rc5 50. e5 Qe3 51. Qe6+ Kh7 52. Qg6+ Kg8 53.
Qf7+ Kh7 54. Qf5+ Kg8 55. Qe6+ Kh7 56. Qg6+ Kg8 57. Qe8+ Kh7 58. Qh5+ Kg8 59.
Qe8+ 1/2-1/2

[Event "40th Olympiad Women"]
[Site "Istanbul TUR"]
[Date "2012.09.09"]
[Round "11.26"]
[Board "1"]
[White "Azman Hisham, Nur Najiha"]
[Black "Tsiganova, Monika"]
[Result "0-1"]
[WhiteTitle "WFM"]
[BlackTitle "WIM"]
[WhiteElo "1882"]
[BlackElo "2164"]
[WhiteTeam "Malaysia"]
[BlackTeam "Estonia"]
[WhiteFideId "5704685"]
[BlackFideId "4500199"]
[EventDate "2012.08.28"]

1. d4 Nf6 2. c4 e6 3. Nf3 b6 4. Nc3 Bb4 5. Qc2 Bb7 6. Bg5 h6 7. Bxf6 Qxf6 8. a3
Bxc3+ 9. bxc3 d6 10. e4 Nd7 11. Bd3 O-O 12. O-O e5 13. a4 a5 14. Rab1 Rfe8 15.
Qe2 Bc6 16. Bc2 Qf4 17. g3 Qg4 18. Rfe1 Nf6 19. d5 Bd7 20. Nh4 Qg5 21. Qe3 g6
22. Ng2 Ng4 23. Qxg5 hxg5 24. f3 Nh6 25. h4 gxh4 26. Nxh4 Kg7 27. f4 exf4 28.
gxf4 Ng4 29. Kg2 Rh8 30. Kg3 Rae8 31. Bd1 Nh6 32. Rb2 Re7 33. Rh2 Rhe8 34. Bc2
f5 35. Reh1 fxe4 36. Ng2 Nf5+ 37. Kf2 e3+ 38. Ke1 Ng3 39. Rh7+ Kf6 40. Rxe7 Rxe7
41. Rh6 Bf5 42. Bxf5 Nxf5 43. Rh3 Re4 44. Ke2 Rxc4 45. Kd3 Rxa4 46. Rh7 Ne7 47.
Nxe3 Rxf4 48. Rh2 Nf5 49. Nxf5 Rxf5 50. c4 Re5 51. Rf2+ Kg7 52. Kd2 g5 53. Kd3
Kg6 54. Rg2 Rf5 55. Kc3 Rf3+ 56. Kb2 Kf5 57. Re2 Rf4 58. Kc3 g4 59. Re7 g3 60.
Rf7+ Ke4 61. Rxc7 g2 62. Rg7 Ke5 0-1

[Event "40th Olympiad Women"]
[Site "Istanbul TUR"]
[Date "2012.09.09"]
[Round "11.26"]
[Board "2"]
[White "Fomina, Tatyana"]
[Black "Azman Hisham, Nur Nabila"]
[Result "1-0"]
[WhiteTitle "WIM"]
[BlackTitle "WCM"]
[WhiteElo "2189"]
[BlackElo "1910"]
[WhiteTeam "Estonia"]
[BlackTeam "Malaysia"]
[WhiteFideId "4500156"]
[BlackFideId "5702135"]
[EventDate "2012.08.28"]

1. d4 Nf6 2. Nc3 c5 3. d5 d6 4. e4 g6 5. Be2 Bg7 6. Nf3 Nbd7 7. O-O O-O 8. Bg5
h6 9. Bd2 b5 10. Bxb5 Rb8 11. Bxd7 Nxd7 12. Rb1 Kh7 13. Qe2 Qa5 14. Rfe1 Nb6 15.
e5 Ba6 16. Qe4 Nc4 17. Qh4 Nxd2 18. Nxd2 Bxe5 19. Nde4 f6 20. f4 Bd4+ 21. Kh1
Kg7 22. f5 Bc8 23. Ng3 Be5 24. Qg4 g5 25. Qh5 Rg8 26. Qg6+ Kf8 27. Qxh6+ Ke8 28.
Qh7 Rf8 29. Nge4 Kd7 30. a3 c4 31. Qh5 Bb7 32. Qe2 Bxd5 33. Nxd5 Qxd5 34. Rbd1
Qc6 35. Nxg5 Rh8 36. Nf3 Kc7 37. Nxe5 fxe5 38. Qe4 Qc5 39. Re3 Kd7 40. b4 cxb3
41. Rxb3 Rxb3 42. cxb3 Rc8 43. Qg4 Kc7 44. Qg7 Kd8 45. Qg8+ Kd7 46. Qe6+ Kd8 47.
f6 exf6 48. b4 Qc1 49. Qxd6+ Ke8 50. Qe6+ Kf8 51. Qxf6+ Kg8 52. Rf1 e4 53. h4
Qc7 54. Qg6+ Qg7 55. Qe6+ 1-0

[Event "40th Olympiad Women"]
[Site "Istanbul TUR"]
[Date "2012.09.09"]
[Round "11.26"]
[Board "3"]
[White "Tan, Li Ting"]
[Black "Narva, Triin"]
[Result "1/2-1/2"]
[BlackTitle "WCM"]
[WhiteElo "1834"]
[BlackElo "2028"]
[WhiteTeam "Malaysia"]
[BlackTeam "Estonia"]
[WhiteFideId "5704820"]
[BlackFideId "4502680"]
[EventDate "2012.08.28"]

1. d4 Nf6 2. c4 g6 3. Nc3 Bg7 4. e4 d6 5. Nf3 O-O 6. Be2 Nbd7 7. O-O e5 8. Re1
c6 9. Bf1 a5 10. Rb1 Re8 11. d5 Nc5 12. b3 cxd5 13. cxd5 Bd7 14. Nd2 Rb8 15. Nb5
Bf8 16. a4 h5 17. f3 Nh7 18. Nc4 Bxb5 19. axb5 b6 20. Be3 Nd7 21. b4 axb4 22.
Qb3 Qe7 23. Qxb4 Rec8 24. Ra1 Nc5 25. Reb1 Nf6 26. Ra3 Nfd7 27. Ra7 Qd8 28. Rba1
f5 29. Nd2 f4 30. Bf2 g5 31. Be2 Qf6 32. R7a2 Qg6 33. h3 Bh6 34. Kf1 Rc7 35. Rb2
Rbc8 36. Rba2 Bf8 37. Ra7 Rxa7 38. Rxa7 g4 39. hxg4 hxg4 40. fxg4 Nf6 41. Bxc5
Rxc5 42. Ra1 Rc7 43. Qb3 Rh7 44. Kf2 Rh4 45. Ra3 Rh1 46. Bf3 Qh6 47. Ke2 Qh4 48.
Nf1 Qh7 49. Qc4 Qg6 50. Ra8 Rh7 51. Qc8 Rf7 52. Qf5 Qg7 53. Qe6 Kh7 54. g5 Nd7
55. Qh3+ Kg8 56. Bg4 Nc5 57. Be6 Nxe6 58. Qxe6 Qxg5 59. Kf2 Qh4+ 60. Ke2 Qg5 61.
Kf2 1/2-1/2

[Event "40th Olympiad Women"]
[Site "Istanbul TUR"]
[Date "2012.09.09"]
[Round "11.27"]
[Board "1"]
[White "Hallaeva, Bahar"]
[Black "Sultana, Sharmin Shirin"]
[Result "0-1"]
[WhiteTitle "WFM"]
[WhiteElo "2174"]
[BlackElo "2002"]
[WhiteTeam "Turkmenistan"]
[BlackTeam "Bangladesh"]
[WhiteFideId "14000679"]
[BlackFideId "10204482"]
[EventDate "2012.08.28"]

1. e4 c5 2. c3 d5 3. exd5 Qxd5 4. d4 e6 5. Nf3 Nf6 6. Be2 Be7 7. Na3 Qd8 8. dxc5
Qxd1+ 9. Bxd1 Bxc5 10. Nb5 Na6 11. b4 Be7 12. a3 Bd7 13. Be2 O-O 14. Nbd4 Rac8
15. c4 Ba4 16. Bb2 Nd7 17. Nd2 Rfd8 18. N4f3 Nb6 19. O-O Nb8 20. Bd4 Nc6 21.
Bxb6 axb6 22. Ne4 Nd4 23. Nxd4 Rxd4 24. f3 f5 25. Nc3 Bb3 26. Nb5 Rd2 27. Rfe1
Bf6 28. Rac1 Bb2 29. Rb1 Bxc4 30. Bxc4 Rxc4 31. Rxe6 Rcc2 32. Rbe1 Rxg2+ 33. Kh1
Rxh2+ 34. Kg1 h5 35. Rxb6 h4 36. Rxb7 h3 37. a4 Rcg2+ 0-1